[Event "AXDB Final Absoluto 2008_09   "]
[Site "Guimar Muséu Alberto Sampaio"]
[Date "2009.06.19"]
[Round "4.1"]
[White "Minakov, Yaroslav"]
[Black "Machado, Carlos"]
[Result "1-0"]
[WhiteElo "1806"]
[BlackElo "1633"]
[PlyCount "63"]
[EventDate "2009.05.29"]
[EventRounds "8"]
[EventCountry "ESP"]
[SourceTitle "OM OTB B 201907"]
[Source "Opening Master"]
[SourceDate "2019.07.06"]
[SourceVersion "2"]
[SourceVersionDate "2019.07.06"]
[SourceQuality "1"]

1. e4 e5 2. Nf3 Nc6 3. c3 Nf6 4. d4 exd4 5. e5 Nd5 6. cxd4 Bb4+ 7. Bd2 Bxd2+ 8.
Nbxd2 d6 9. Bb5 Nde7 10. O-O O-O 11. Nc4 Bg4 12. Re1 Bxf3 13. gxf3 a6 14. Bxc6
Nxc6 15. f4 Qh4 16. d5 Na7 17. Qd3 Qxf4 18. Re4 Qg5+ 19. Kh1 dxe5 20. Rg1 Qf5
21. Ne3 Qxf2 22. Ng4 Qh4 23. Qe3 Kh8 24. Nxe5 Qh5 25. Reg4 f6 26. Nf3 Rg8 27.
Rh4 Qxd5 28. Qf4 Qd3 29. Ne1 Qd5+ 30. Rg2 Rge8 31. Nf3 Re4 32. Qxe4 1-0

[Event "Voronezh op-B 13th"]
[Site "Voronezh"]
[Date "2009.06.18"]
[Round "7"]
[White "Tkachenko, Victor"]
[Black "Zhurikhin, Alexander"]
[Result "1-0"]
[WhiteElo "2249"]
[BlackElo "2134"]
[PlyCount "49"]
[EventDate "2009.06.12"]
[EventType "swiss"]
[EventRounds "9"]
[EventCountry "RUS"]
[SourceTitle "CBM 130 Extra"]
[Source "ChessBase"]
[SourceDate "2009.07.02"]
[SourceVersion "2"]
[SourceVersionDate "2009.07.15"]
[SourceQuality "1"]

1. e4 e5 2. Nf3 Nc6 3. c3 d5 4. Bb5 dxe4 5. Nxe5 Qd5 6. Qa4 Nge7 7. f4 exf3 8.
Nxf3 Bd7 9. O-O O-O-O 10. d4 a6 11. Bc4 Qh5 12. Qd1 f6 13. Nbd2 Nf5 14. Ne4 Nh4
15. Nxh4 Qxh4 16. Rf4 Qh6 17. Rxf6 Qh4 18. Rf4 Qe7 19. Nc5 Ne5 20. Re4 Bf5 21.
Be6+ Bxe6 22. Rxe5 Qd6 23. Rxe6 Qxc5 24. Qg4 Qb5 25. Bg5 1-0

[Event "Rhein Main op 12th"]
[Site "Bad Homburg"]
[Date "2009.06.14"]
[Round "7"]
[White "Uwira, Oliver"]
[Black "Zude, Erik"]
[Result "0-1"]
[WhiteElo "2286"]
[BlackElo "2377"]
[PlyCount "88"]
[EventDate "2009.06.10"]
[EventType "swiss"]
[EventRounds "7"]
[EventCountry "GER"]
[SourceTitle "CBM 131 Extra"]
[Source "ChessBase"]
[SourceDate "2009.09.03"]
[SourceVersion "2"]
[SourceVersionDate "2009.09.16"]
[SourceQuality "1"]

1. e4 e5 2. Nf3 Nc6 3. c3 Nf6 4. d4 Nxe4 5. d5 Ne7 6. Nxe5 Ng6 7. Nxg6 hxg6 8.
Bd3 Nf6 9. Qe2+ Qe7 10. c4 Qxe2+ 11. Bxe2 Bc5 12. Nc3 d6 13. O-O Bd7 14. Bd1
O-O-O 15. Bc2 Rh4 16. Bd3 Rdh8 17. h3 Bf5 18. Bxf5+ gxf5 19. Bg5 Rxc4 20. Bxf6
gxf6 21. Rac1 Re8 22. b3 Rd4 23. Rc2 a6 24. Kh2 Bb4 25. Rfc1 Bxc3 26. Rxc3 Re7
27. Rf3 Rxd5 28. Rc4 Kd7 29. Rcf4 c5 30. Rxf5 Rxf5 31. Rxf5 Ke6 32. Rf3 Rc7 33.
Kg1 d5 34. Kf1 d4 35. Ke2 b5 36. Kd3 Ke5 37. h4 c4+ 38. bxc4 bxc4+ 39. Kc2 Rd7
40. Ra3 d3+ 41. Kd2 Kd4 42. Rxa6 c3+ 43. Kc1 d2+ 44. Kd1 Kc5 0-1

[Event "LSS SA-2009-0-00062"]
[Site "LSS email"]
[Date "2009.06.12"]
[Round "?"]
[White "Kroes, Friso"]
[Black "Proshkin, Andrey Evgenyevich"]
[Result "1-0"]
[WhiteElo "2085"]
[BlackElo "2034"]
[PlyCount "67"]
[EventDate "2009.05.18"]
[EventType "tourn (corr)"]
[EventRounds "6"]
[SourceTitle "OM Corr 202003"]
[Source "Opening Master"]
[SourceDate "2019.05.30"]
[SourceVersion "2"]
[SourceVersionDate "2019.05.30"]
[SourceQuality "1"]

1. e4 e5 2. Nf3 Nc6 3. c3 Nf6 4. d4 Nxe4 5. d5 Nb8 6. Nxe5 Bc5 7. Qg4 O-O 8.
Qxe4 d6 9. Bd3 f5 10. Qc4 b5 11. Qxb5 Qe7 12. O-O dxe5 13. Bg5 Qd6 14. Qb3 Rf7
15. Nd2 Nd7 16. Rad1 Rb8 17. Qc2 Qg6 18. h4 Bb7 19. b4 Bd6 20. Nc4 Nb6 21. Rfe1
e4 22. Bf1 Nxd5 23. Qb3 h6 24. Bc1 Nb6 25. Nxd6 cxd6 26. Bf4 Rd8 27. c4 Qe6 28.
c5 Bd5 29. Rxd5 Qxd5 30. cxb6 Qxb3 31. axb3 axb6 32. Be3 Kf8 33. Bc4 Rb7 34.
Be6 1-0

[Event "SA-2009-0-00062"]
[Site "Lechenicher SchachServer"]
[Date "2009.06.12"]
[Round "?"]
[White "Kroes, Friso"]
[Black "Herzog, Klaus"]
[Result "1-0"]
[WhiteElo "2049"]
[BlackElo "1775"]
[PlyCount "41"]
[EventDate "2009.05.18"]
[SourceTitle "OM Corr 202003"]
[Source "Opening Master"]
[SourceDate "2019.05.30"]
[SourceVersion "2"]
[SourceVersionDate "2019.05.30"]
[SourceQuality "1"]

1. e4 e5 2. Nf3 Nc6 3. c3 d5 4. Qa4 Nf6 5. Nxe5 Nxe4 6. Nxc6 Qd7 7. d4 bxc6 8.
Nd2 Bd6 9. Nxe4 dxe4 10. d5 O-O 11. dxc6 Qf5 12. Be3 Be6 13. O-O-O Rfd8 14. Bc4
Bxc4 15. Qxc4 Qg4 16. g3 a5 17. Qa4 Qf5 18. Rd4 Re8 19. Rxd6 cxd6 20. Rd1 Qe6
21. c7 1-0

[Event "Voesendorf B"]
[Site "Voesendorf"]
[Date "2009.06.11"]
[Round "1.12"]
[White "Schett, Franz"]
[Black "Mischek, Gerhard"]
[Result "0-1"]
[WhiteElo "1687"]
[BlackElo "1818"]
[PlyCount "64"]
[EventDate "2009.06.11"]
[EventCountry "AUT"]
[SourceTitle "OM OTB B 201907"]
[Source "Opening Master"]
[SourceDate "2019.07.06"]
[SourceVersion "2"]
[SourceVersionDate "2019.07.06"]
[SourceQuality "1"]

1. e4 e5 2. Nf3 Nc6 3. c3 Nf6 4. d3 d5 5. Qc2 Bg4 6. Be2 Bd6 7. h3 Be6 8. Nbd2
h6 9. a4 O-O 10. O-O Qd7 11. Nh2 Rad8 12. b4 Nh7 13. b5 Na5 14. Ba3 f5 15. Bxd6
Qxd6 16. exd5 Bxd5 17. c4 Be6 18. Qc3 b6 19. Ndf3 e4 20. dxe4 fxe4 21. Ne5 Qc5
22. Rad1 Rxd1 23. Bxd1 Nxc4 24. Nc6 a6 25. Nd4 Bf7 26. Ng4 axb5 27. axb5 Rd8
28. Nc6 Rd3 29. Qe1 e3 30. fxe3 Nxe3 31. Nxh6+ gxh6 32. Qg3+ Ng4+ 0-1

[Event "Baden-ch op"]
[Site "Badenweiler"]
[Date "2009.06.04"]
[Round "5"]
[White "Kais, Edgar"]
[Black "Feisst, Simon"]
[Result "0-1"]
[WhiteElo "2086"]
[BlackElo "2042"]
[PlyCount "56"]
[EventDate "2009.06.01"]
[EventType "swiss"]
[EventRounds "9"]
[EventCountry "GER"]
[SourceTitle "EXT 2010"]
[Source "ChessBase"]
[SourceDate "2009.11.30"]
[SourceVersion "1"]
[SourceVersionDate "2009.11.30"]
[SourceQuality "1"]

1. e4 e5 2. Nf3 Nc6 3. c3 d5 4. Qa4 Qd6 5. Bb5 Bd7 6. O-O a6 7. exd5 Qxd5 8.
Bc4 Qd6 9. Qc2 Be7 10. d4 O-O-O 11. b4 exd4 12. b5 Na5 13. Bxf7 Bxb5 14. c4 Bd7
15. Rd1 Nc6 16. Nc3 Nh6 17. Ne4 Qb4 18. Rb1 Qa5 19. Bd5 Bf5 20. Bd2 Qc5 21. Qb2
Qa7 22. Nxd4 Rxd5 23. Nxc6 bxc6 24. cxd5 Bxe4 25. Qxg7 Rg8 26. Qxe7 Rxg2+ 27.
Kh1 Rxh2+ 28. Kxh2 Qxf2+ 0-1

[Event "Eger Tavasz op"]
[Site "Eger"]
[Date "2009.06.01"]
[Round "7"]
[White "Papp Zoltan, Csaba"]
[Black "Bognar, Bence"]
[Result "1/2-1/2"]
[WhiteElo "2310"]
[BlackElo "1999"]
[PlyCount "37"]
[EventDate "2009.05.29"]
[EventType "swiss"]
[EventRounds "7"]
[EventCountry "HUN"]
[SourceTitle "EXT 2011"]
[Source "ChessBase"]
[SourceDate "2010.11.26"]
[SourceVersion "1"]
[SourceVersionDate "2010.11.26"]
[SourceQuality "1"]

1. e4 e5 2. Nf3 Nc6 3. c3 Nf6 4. d4 exd4 5. e5 Ne4 6. cxd4 d5 7. Be2 Bb4+ 8.
Nbd2 O-O 9. O-O Nxd2 10. Bxd2 Bxd2 11. Qxd2 Bf5 12. Rac1 f6 13. Qc3 Rc8 14.
Rfd1 fxe5 15. dxe5 Ne7 16. Bd3 c5 17. Bxf5 Rxf5 18. Qe3 b6 19. b3 1/2-1/2

[Event "It (open) (b)"]
[Site "Maastricht (Netherlands)"]
[Date "2009.06.01"]
[Round "7"]
[White "Bitalzadeh, Mahsa"]
[Black "Falter, Lennart"]
[Result "0-1"]
[WhiteElo "1795"]
[BlackElo "1840"]
[PlyCount "68"]
[EventDate "2009.??.??"]
[EventRounds "7"]
[EventCountry "NED"]
[SourceTitle "OM OTB B 201907"]
[Source "Opening Master"]
[SourceDate "2019.07.06"]
[SourceVersion "2"]
[SourceVersionDate "2019.07.06"]
[SourceQuality "1"]

1. e4 e5 2. Nf3 Nc6 3. c3 Nf6 4. d4 exd4 5. e5 Nd5 6. Qb3 Nb6 7. cxd4 d5 8. Nc3
Bg4 9. Be3 Be7 10. Bd3 f6 11. Bb5 O-O 12. Bxc6 bxc6 13. Nd2 fxe5 14. dxe5 Rb8
15. Bxb6 Rxb6 16. Qc2 Bf5 17. Qc1 Bd3 18. g3 Bc5 19. f4 Rxf4 20. Nde4 Bxe4 21.
Qxf4 Bxh1 22. O-O-O Bg2 23. e6 Qe7 24. Re1 Rb4 25. Qf5 Be4 26. Nxe4 Rxe4 27.
Rxe4 dxe4 28. Qxe4 Qg5+ 29. Kb1 Qg6 30. Qxg6 hxg6 31. Kc2 Kf8 32. Kc3 Ke7 33.
b4 Bg1 34. h3 Kxe6 0-1

[Event "Vladivostok op"]
[Site "Vladivostok"]
[Date "2009.06.??"]
[Round "5"]
[White "Tereshenko, Kirill"]
[Black "Belyi, Vladimir"]
[Result "0-1"]
[WhiteElo "1876"]
[BlackElo "2223"]
[PlyCount "72"]
[EventDate "2009.06.??"]
[EventType "swiss"]
[EventRounds "9"]
[EventCountry "RUS"]
[SourceTitle "EXT 2012"]
[Source "ChessBase"]
[SourceDate "2011.11.24"]
[SourceVersion "1"]
[SourceVersionDate "2011.11.24"]
[SourceQuality "1"]

1. e4 e5 2. Nf3 Nc6 3. c3 Be7 4. d4 d6 5. Bb5 exd4 6. cxd4 Bd7 7. Nc3 a6 8. Ba4
b5 9. Bc2 Bg4 10. Be3 Nf6 11. a3 O-O 12. h3 Bh5 13. g4 Bg6 14. Nh2 d5 15. e5
Ne4 16. O-O Nxc3 17. bxc3 Bxc2 18. Qxc2 Na5 19. f4 Nc4 20. Bc1 c5 21. Nf3 Qb6
22. Kh2 Rac8 23. Qd3 Rfd8 24. f5 cxd4 25. cxd4 f6 26. g5 fxe5 27. dxe5 Qc7 28.
Re1 d4 29. Kg1 Ne3 30. Nxd4 Rxd4 31. Qxe3 Bc5 32. Qb3+ Rc4+ 33. Kf1 Qc6 34. Qg3
Qh1+ 35. Ke2 Re4+ 36. Be3 Rxe3+ 0-1

[Event "Vladivostok op"]
[Site "Vladivostok"]
[Date "2009.06.??"]
[Round "2"]
[White "Tereshenko, Kirill"]
[Black "Feigin, Semen"]
[Result "1/2-1/2"]
[WhiteElo "1876"]
[BlackElo "2045"]
[PlyCount "50"]
[EventDate "2009.06.??"]
[EventType "swiss"]
[EventRounds "9"]
[EventCountry "RUS"]
[SourceTitle "EXT 2012"]
[Source "ChessBase"]
[SourceDate "2011.11.24"]
[SourceVersion "1"]
[SourceVersionDate "2011.11.24"]
[SourceQuality "1"]

1. e4 e5 2. Nf3 Nc6 3. c3 Nf6 4. d4 exd4 5. e5 Nd5 6. Qb3 Nb6 7. cxd4 d5 8. Bb5
Be7 9. O-O O-O 10. Bxc6 bxc6 11. Qc2 Bg4 12. Qxc6 Bxf3 13. gxf3 f5 14. Kh1 Rb8
15. b3 Nc8 16. Nc3 Nb6 17. Rg1 Kh8 18. Be3 f4 19. Bd2 Bb4 20. Rg2 Nc8 21. Rag1
Ne7 22. Qe6 Rb6 23. Qh3 Rh6 24. Qg4 Rg6 25. Qh3 Rh6 1/2-1/2

[Event "Bisaccia op"]
[Site "Bisaccia"]
[Date "2009.05.31"]
[Round "3"]
[White "Bove, Raffaele"]
[Black "Grasso, Nino"]
[Result "1/2-1/2"]
[WhiteElo "1993"]
[BlackElo "1984"]
[PlyCount "113"]
[EventDate "2009.05.29"]
[EventType "swiss"]
[EventRounds "7"]
[EventCountry "ITA"]
[SourceTitle "EXT 2011"]
[Source "ChessBase"]
[SourceDate "2010.11.26"]
[SourceVersion "1"]
[SourceVersionDate "2010.11.26"]
[SourceQuality "1"]

1. e4 e5 2. Nf3 Nc6 3. c3 d5 4. exd5 Qxd5 5. d3 Bf5 6. Be3 O-O-O 7. Nbd2 Bxd3
8. Bxd3 Qxd3 9. Qe2 e4 10. Ng5 Ne5 11. Ngxe4 Be7 12. Bd4 Qxe2+ 13. Kxe2 f6 14.
Bxe5 fxe5 15. Nf3 Nf6 16. Neg5 e4 17. Nd4 Rd5 18. Nge6 c5 19. Nc2 Re5 20. Nf4
g5 21. Nh3 Nd5 22. g3 Rf8 23. c4 Nb4 24. Ne3 Nd3 25. b3 h5 26. Rhf1 g4 27. Ng1
Re6 28. Nd5 Bf6 29. Rad1 Bd4 30. f4 gxf3+ 31. Nxf3 Rxf3 32. Rxf3 exf3+ 33. Kxd3
f2 34. Kd2 h4 35. g4 h3 36. Rf1 Re4 37. g5 Rg4 38. g6 Kd8 39. Ne3 Rxg6 40. Rxf2
Ra6 41. Kd3 Re6 42. Re2 Kd7 43. a3 Ra6 44. Nc2 Bb2 45. b4 Rd6+ 46. Ke4 Re6+ 47.
Kf3 Rxe2 48. Kxe2 cxb4 49. axb4 Be5 50. Kf3 Bxh2 51. Kg4 Be5 52. Kxh3 Bc3 53.
Kg4 Kc6 54. Kf3 Bxb4 55. Nxb4+ Kc5 56. Nd3+ Kxc4 57. Ne5+ 1/2-1/2

[Event "Sicilia Regional-ch"]
[Site "Erice"]
[Date "2009.05.31"]
[Round "3"]
[White "Di Via, Saverio"]
[Black "Lo Piccolo, Antonino"]
[Result "0-1"]
[WhiteElo "1740"]
[BlackElo "1680"]
[PlyCount "88"]
[EventDate "2009.05.30"]
[EventType "swiss"]
[EventRounds "7"]
[EventCountry "ITA"]
[SourceTitle "EXT 2011"]
[Source "ChessBase"]
[SourceDate "2010.11.26"]
[SourceVersion "1"]
[SourceVersionDate "2010.11.26"]
[SourceQuality "1"]

1. e4 e5 2. Nf3 Nc6 3. c3 d5 4. Qa4 Qd6 5. d4 Bd7 6. Qc2 O-O-O 7. Be2 dxe4 8.
Qxe4 Nf6 9. dxe5 Nxe4 10. exd6 Bxd6 11. Be3 Rhe8 12. Nbd2 Nxd2 13. Kxd2 Bf5 14.
Bc4 Ne5 15. Nxe5 Rxe5 16. Rae1 Bg6 17. Kc1 Rde8 18. g3 b5 19. Bb3 Bc5 20. Kd2
Rd8+ 21. Kc1 Rd3 22. Bxc5 Rxc5 23. Bc2 Rf3 24. Bxg6 hxg6 25. Re2 b4 26. Kd2
bxc3+ 27. bxc3 Rcxc3 28. Rb1 Ra3 29. Rb2 Kd7 30. Ke1 Rf6 31. Red2+ Rd6 32. Re2
Rad3 33. Kf1 Rd1+ 34. Kg2 a5 35. Re3 R1d3 36. Re4 R3d4 37. Re5 R6d5 38. Re3 c5
39. Ra3 c4 40. Kf3 Kd6 41. Ke3 f5 42. f3 g5 43. Ra4 f4+ 44. Ke2 Rc5 0-1

[Event "SA-2009-0-00060"]
[Site "Lechenicher SchachServer"]
[Date "2009.05.30"]
[Round "?"]
[White "Kroes, Friso"]
[Black "Herzog, Klaus"]
[Result "1-0"]
[WhiteElo "2049"]
[BlackElo "1775"]
[PlyCount "37"]
[EventDate "2009.05.02"]
[SourceTitle "OM Corr 202003"]
[Source "Opening Master"]
[SourceDate "2019.05.30"]
[SourceVersion "2"]
[SourceVersionDate "2019.05.30"]
[SourceQuality "1"]

1. e4 e5 2. Nf3 Nc6 3. c3 Nf6 4. d4 exd4 5. e5 Ne4 6. Qe2 d5 7. exd6 f5 8. Nxd4
Nxd4 9. cxd4 Bxd6 10. f3 Qh4+ 11. g3 Bxg3+ 12. hxg3 Qxh1 13. fxe4 Qxe4 14.
Qxe4+ fxe4 15. Bf4 c6 16. Nd2 Bf5 17. Kf2 Kf7 18. Nc4 Kg6 19. Nd6 1-0

[Event "Haspa-Schachpokal 2009"]
[Site "Bargteheide"]
[Date "2009.05.23"]
[Round "5.7"]
[White "Michna, Christian"]
[Black "Schueler, Hendrik"]
[Result "1/2-1/2"]
[WhiteElo "2286"]
[BlackElo "2171"]
[PlyCount "68"]
[EventDate "2009.??.??"]
[EventRounds "7"]
[EventCountry "GER"]
[SourceTitle "OM OTB B 201907"]
[Source "Opening Master"]
[SourceDate "2019.07.06"]
[SourceVersion "2"]
[SourceVersionDate "2019.07.06"]
[SourceQuality "1"]

1. e4 e5 2. Nf3 Nc6 3. c3 Nf6 4. d4 Nxe4 5. d5 Ne7 6. Nxe5 Ng6 7. Qd4 Nxe5 8.
Qxe4 Qe7 9. Be2 Ng6 10. Nd2 Qxe4 11. Nxe4 d6 12. O-O Be7 13. f4 f5 14. Ng3 O-O
15. Be3 Bd7 16. Bd3 Rf7 17. Rae1 Bh4 18. Bd4 Bxg3 19. hxg3 Re7 20. Rxe7 Nxe7
21. Re1 Re8 22. Bxa7 Kf7 23. Bd4 g6 24. c4 Ra8 25. a3 Ba4 26. b4 Bb3 27. Bb2
Ng8 28. Re3 Nf6 29. Bxf5 gxf5 30. Rxb3 Ng4 31. Bd4 Re8 32. Kf1 Nh2+ 33. Kg1 Ng4
34. Kf1 Nh2+ 1/2-1/2

[Event "Asian Continental op 08th"]
[Site "Subic Bay"]
[Date "2009.05.22"]
[Round "10"]
[White "Priyadharshan, K."]
[Black "Bancod, Ronald"]
[Result "1-0"]
[WhiteElo "2411"]
[BlackElo "2356"]
[PlyCount "103"]
[EventDate "2009.05.13"]
[EventType "swiss"]
[EventRounds "11"]
[EventCountry "PHI"]
[SourceTitle "CBM 130 Extra"]
[Source "ChessBase"]
[SourceDate "2009.07.02"]
[SourceVersion "2"]
[SourceVersionDate "2009.07.15"]
[SourceQuality "1"]

1. e4 e5 2. Nf3 Nc6 3. c3 Be7 4. d4 d6 5. Nbd2 Nf6 6. Bd3 O-O 7. O-O h6 8. dxe5
dxe5 9. Nc4 Bg4 10. h3 Bh5 11. g4 Bg6 12. Qe2 Nd7 13. Rd1 Re8 14. b4 a6 15. Bc2
Qc8 16. a4 h5 17. Nh2 hxg4 18. hxg4 Nf8 19. Rb1 Bh4 20. Nf1 Nh7 21. Kg2 Bg5 22.
Nce3 Nd8 23. Kg1 Ne6 24. Ng2 Bxc1 25. Rbxc1 Nhg5 26. f3 Nh3+ 27. Kh2 Nhf4 28.
Qe3 a5 29. Nh4 Ra6 30. Kg3 Ng5 31. Nd2 Qe6 32. Rh1 Rc6 33. Rh2 Qf6 34. b5 Rce6
35. Rch1 b6 36. Nc4 Bh7 37. Bb3 Rd8 38. Bc2 Ree8 39. Nf5 g6 40. Rh6 Qe6 41.
Nxe5 Qxe5 42. Qxf4 gxf5 43. Qxe5 Rxe5 44. Kf4 fxg4 45. Kxe5 Kg7 46. fxg4 Rd2
47. Kf4 f6 48. R6h2 Rd8 49. Rd1 Re8 50. Rd7+ Kg8 51. Bb3+ Kh8 52. Bd5 1-0

[Event "Stuttgart-chB int"]
[Site "Ditzingen"]
[Date "2009.05.21"]
[Round "2"]
[White "Baumeister, Juergen"]
[Black "Holschke, Christian"]
[Result "0-1"]
[WhiteElo "1845"]
[BlackElo "1553"]
[PlyCount "144"]
[EventDate "2009.05.21"]
[EventType "swiss"]
[EventRounds "7"]
[EventCountry "GER"]
[SourceTitle "OM OTB B 201907"]
[Source "Opening Master"]
[SourceDate "2019.07.06"]
[SourceVersion "2"]
[SourceVersionDate "2019.07.06"]
[SourceQuality "1"]

1. e4 e5 2. Nf3 Nc6 3. c3 Bc5 4. Nxe5 Nxe5 5. d4 Qh4 6. dxc5 Qxe4+ 7. Be3 Nf6
8. Qd4 O-O 9. Nd2 Qd5 10. h3 Re8 11. Be2 Qxg2 12. O-O-O Qd5 13. Qa4 Nd3+ 14.
Bxd3 Qxd3 15. Rhg1 d6 16. Nc4 Bd7 17. Qb3 Qe4 18. Rd4 Qc6 19. Bh6 g6 20. Rf4
Be6 21. Rxf6 Qxc5 22. Rxe6 Rxe6 23. Ne3 b6 24. Rg5 Qc6 25. Rg1 Qf3 26. Qd5 Qxd5
27. Nxd5 Rc8 28. f4 f5 29. Kd2 c6 30. Ne3 Kf7 31. h4 Rce8 32. Rg3 d5 33. Kd3 b5
34. b4 a6 35. a3 Re4 36. Rf3 Rd8 37. Rg3 d4 38. cxd4 Rdxd4+ 39. Kc2 Kf6 40. h5
Rd7 41. Bg5+ Kf7 42. h6 Ke6 43. Rf3 Rdd4 44. Kc3 a5 45. Nc2 axb4+ 46. axb4 Rc4+
47. Kb3 c5 48. bxc5 Rxc5 49. Rd3 Rd5 50. Rc3 Kd7 51. Nb4 Rd1 52. Nd3 Re2 53.
Ne5+ Ke6 54. Kb4 Rb2+ 55. Ka5 b4 56. Rc8 Ra1+ 57. Kb6 b3 58. Re8+ Kd5 59. Nxg6
Rc2 60. Re5+ Kd6 61. Be7+ Kd7 62. Nf8+ Kc8 63. Bf6 Ra6+ 64. Kxa6 Rc6+ 65. Ka7
Rxf6 66. Re8+ Kc7 67. Re7+ Kc8 68. Nxh7 Rxh6 69. Rb7 Rh4 70. Ng5 Rxf4 71. Ne6
Ra4+ 72. Kb6 Rb4+ 0-1

[Event "CRO-Cup 18th"]
[Site "Sibenik"]
[Date "2009.05.21"]
[Round "2"]
[White "Trbojevic, Mladen"]
[Black "Rubil, Marko"]
[Result "1-0"]
[WhiteElo "2290"]
[BlackElo "2071"]
[PlyCount "85"]
[EventDate "2009.05.20"]
[EventType "team-tourn"]
[EventRounds "5"]
[EventCountry "CRO"]
[SourceTitle "CBM 130 Extra"]
[Source "ChessBase"]
[SourceDate "2009.07.02"]
[SourceVersion "2"]
[SourceVersionDate "2009.07.15"]
[SourceQuality "1"]

1. e4 e5 2. Nf3 Nc6 3. c3 d5 4. Qa4 f6 5. Bb5 Nge7 6. exd5 Qxd5 7. d4 Bd7 8.
O-O e4 9. Nfd2 f5 10. Bc4 Qd6 11. Qc2 Nd5 12. Nb3 Be7 13. f3 exf3 14. Rxf3
O-O-O 15. Na3 Nb6 16. Bd3 g6 17. Nb5 Qf6 18. a4 a6 19. a5 Nd5 20. Na3 Rhe8 21.
Bc4 Be6 22. Qd3 Kb8 23. Bd2 Bd6 24. Bxa6 bxa6 25. Qxa6 Na7 26. Nb5 Nxb5 27.
Qxb5+ Ka7 28. Nc5 Bxc5 29. Qxc5+ Ka8 30. c4 Ne7 31. d5 Bf7 32. Qxc7 Bxd5 33.
cxd5 Nxd5 34. Qc4 Qxb2 35. Qa6+ Kb8 36. Rff1 Qd4+ 37. Kh1 Kc7 38. Rac1+ Kd7 39.
Qb7+ Ke6 40. Rfe1+ Qe4 41. Rxe4+ fxe4 42. Qc6+ Ke5 43. Rc5 1-0

[Event "GER-ch Schools U18 Girls"]
[Site "Germany"]
[Date "2009.05.17"]
[Round "6.1"]
[White "Ebel, Britta"]
[Black "Bajorski, Maria Sophie"]
[Result "0-1"]
[WhiteElo "938"]
[BlackElo "1270"]
[PlyCount "66"]
[EventDate "2009.05.16"]
[EventType "team-swiss"]
[EventRounds "7"]
[EventCountry "GER"]
[SourceTitle "EXT 2011"]
[Source "ChessBase"]
[SourceDate "2010.11.26"]
[SourceVersion "1"]
[SourceVersionDate "2010.11.26"]
[SourceQuality "1"]
[WhiteTeam "Luebeck Trave (W)"]
[BlackTeam "Limburg Mariens (W)"]
[WhiteTeamCountry "GER"]
[BlackTeamCountry "GER"]

1. e4 e5 2. Nf3 Nc6 3. c3 Nf6 4. d4 exd4 5. e5 Nd5 6. cxd4 d6 7. Bb5 Bg4 8. Qd3
a6 9. Bc4 Nb6 10. O-O Bxf3 11. gxf3 Qd7 12. Re1 d5 13. Bb3 O-O-O 14. Nc3 Qh3
15. Bc2 h6 16. Qf5+ Qxf5 17. Bxf5+ Kb8 18. e6 fxe6 19. Rxe6 Nxd4 20. Rxb6 cxb6
21. Bf4+ Ka7 22. Bc7 Re8 23. Bg4 Ne2+ 24. Nxe2 Rxe2 25. b3 Bc5 26. Bg3 Rhe8 27.
Kf1 Bb4 28. Kg2 Re1 29. Rxe1 Rxe1 30. a4 d4 31. Bf5 b5 32. axb5 axb5 33. Be5
Rxe5 0-1

[Event "GER-ch Schools U18 Girls"]
[Site "Germany"]
[Date "2009.05.17"]
[Round "4.1"]
[White "Ebel, Britta"]
[Black "Hillmer, Nicole"]
[Result "0-1"]
[WhiteElo "938"]
[BlackElo "800"]
[PlyCount "79"]
[EventDate "2009.05.16"]
[EventType "team-swiss"]
[EventRounds "7"]
[EventCountry "GER"]
[SourceTitle "EXT 2011"]
[Source "ChessBase"]
[SourceDate "2010.11.26"]
[SourceVersion "1"]
[SourceVersionDate "2010.11.26"]
[SourceQuality "1"]
[WhiteTeam "Luebeck Trave (W)"]
[BlackTeam "Neureut Gymn (W)"]
[WhiteTeamCountry "GER"]
[BlackTeamCountry "GER"]

1. e4 e5 2. Nf3 Nc6 3. c3 Nf6 4. d4 exd4 5. e5 Nd5 6. cxd4 Bb4+ 7. Bd2 O-O 8.
Bxb4 Ndxb4 9. Bc4 d6 10. a3 Na6 11. O-O Bg4 12. Be2 dxe5 13. Nxe5 Bxe2 14. Qxe2
Re8 15. Qf3 Nxe5 16. dxe5 Rxe5 17. Qxb7 Nc5 18. Qb4 Rb8 19. Qc3 Rd5 20. Nd2 Na4
21. Qc2 Nxb2 22. Nf3 Nd3 23. Rad1 Nf4 24. Rfe1 g6 25. Rd2 Rxd2 26. Nxd2 Qd6 27.
Ne4 Qd8 28. Qc3 Nd5 29. Qd4 a6 30. Rd1 c6 31. Qe5 Rb5 32. a4 Ra5 33. Rxd5 cxd5
34. Nf6+ Kg7 35. Ng4+ Kf8 36. Qh8+ Ke7 37. Qe5+ Kf8 38. Qh8+ Ke7 39. Qe5+ Kd7
40. Nf6+ 0-1

[Event "GER-ch Schools U18 Girls"]
[Site "Germany"]
[Date "2009.05.16"]
[Round "2.1"]
[White "Ebel, Britta"]
[Black "Wendt, Anne"]
[Result "1-0"]
[WhiteElo "938"]
[BlackElo "800"]
[PlyCount "23"]
[EventDate "2009.05.16"]
[EventType "team-swiss"]
[EventRounds "7"]
[EventCountry "GER"]
[SourceTitle "EXT 2011"]
[Source "ChessBase"]
[SourceDate "2010.11.26"]
[SourceVersion "1"]
[SourceVersionDate "2010.11.26"]
[SourceQuality "1"]
[WhiteTeam "Luebeck Trave (W)"]
[BlackTeam "Neubrandenburg AEG (W)"]
[WhiteTeamCountry "GER"]
[BlackTeamCountry "GER"]

1. e4 e5 2. Nf3 Nc6 3. c3 d6 4. Bb5 a6 5. Bxc6+ bxc6 6. O-O d5 7. exd5 cxd5 8.
Nxe5 Bd6 9. Qa4+ Kf8 10. d4 Qf6 11. Re1 Nh6 12. Ng6+ 1-0

[Event "BUL-chT"]
[Site "Sunny Beach"]
[Date "2009.05.14"]
[Round "7.3"]
[White "Nikolov, Sasho"]
[Black "Radulski, Julian"]
[Result "1-0"]
[WhiteElo "2394"]
[BlackElo "2560"]
[PlyCount "69"]
[EventDate "2009.05.08"]
[EventType "team-tourn"]
[EventRounds "7"]
[EventCountry "BUL"]
[SourceTitle "CBM 130 Extra"]
[Source "ChessBase"]
[SourceDate "2009.07.02"]
[SourceVersion "2"]
[SourceVersionDate "2009.07.15"]
[SourceQuality "1"]

1. e4 e5 2. Nf3 Nc6 3. c3 Nf6 4. d4 Nxe4 5. d5 Ne7 6. Nxe5 Ng6 7. Qd4 f5 8.
Nxg6 hxg6 9. Nd2 Bc5 10. Qxg7 Qf6 11. Qxf6 Nxf6 12. Bc4 b5 13. Bxb5 Bb7 14. O-O
O-O-O 15. c4 g5 16. b4 Bxb4 17. Bb2 Rh6 18. Nf3 Ne4 19. Nd4 Rf8 20. Rac1 Bd6
21. g3 f4 22. Rc2 Rh7 23. Re1 Nc5 24. Rce2 c6 25. dxc6 dxc6 26. Bxc6 fxg3 27.
hxg3 Bxc6 28. Nxc6 Nd3 29. Rd1 Nxb2 30. Rxd6 Nxc4 31. Rg6 Kb7 32. Nd4 Rd8 33.
Ne6 Rd1+ 34. Kg2 a5 35. Nxg5 1-0